Catalog

Record Details

Catalog Search



Step a jiné povídky  Cover Image Book Book

Step a jiné povídky / Anton Pavlovič Čechov ; přel. A.G. Stín, V. Červinka, P. Papáček

Record details

  • Physical Description: 330 s. ; 21 cm
  • Publisher: V Praze : J. Otto, 1917

Available copies

  • 1 of 1 copy available at Common Catalog SPOK.

Holds

  • 0 current holds with 1 total copy.
Show Only Available Copies
Location Call Number / Copy Notes Barcode Shelving Location Status Due Date
KDS Library 810 ČeA 204576801022 Library Available -

LDR 00835nam a22002531 4500
00120696
003CZ-PrJAB
00520160209153424.0
008000228s1917 xr cze
015 . ‡acnb000566227
020 . ‡q(váz.)
035 . ‡a(CZ PrNK)nos190106188
035 . ‡a(OCoLC)85474702
040 . ‡aABA001 ‡bcze ‡cCBA001 ‡dABA001
0411 . ‡acze ‡hrus
1001 . ‡aČechov, Anton Pavlovič, ‡d1860-1904 ‡7jn19990210160 ‡4aut
24510. ‡aStep a jiné povídky / ‡cAnton Pavlovič Čechov ; přel. A.G. Stín, V. Červinka, P. Papáček
260 . ‡aV Praze : ‡bJ. Otto, ‡c1917 ‡f(Unie)
300 . ‡a330 s. ; ‡c21 cm
4901 . ‡aRuská knihovna ; ‡vsv. 68
4901 . ‡aSpisy / Anton Pavlovič Čechov ; ‡vdíl 8
8001 . ‡aČechov, Anton Pavlovič, ‡d1860-1904. ‡tSpisy (J. Otto)
830 0. ‡aRuská knihovna (J. Otto)
910 . ‡aABE463
901 . ‡a20696 ‡b ‡c20696 ‡tbiblio

Additional Resources